000 00581nam a2200205Ia 4500
003 OSt
005 20260602094231.0
008 210210b1998 xxu||||| |||| 00| 0 eng d
040 _cAL
041 _aKannada
082 _a370.92K MAHS
100 _aMAHABALESHVARA RAV.
_dಮಹಾಬಲೇಶ್ವರ ರಾವ್
_9264950
245 _aSuvarnasparsha.
_bಸುವರ್ಣಸ್ಪರ್ಶ
260 _aManipal.
_bAcademy Of General Education.,
_c1998
300 _a169
650 _aPai TMA
_9264951
690 _aBiography
_9264952
906 _a053289
942 _2ddc
_cBK
999 _c101461
_d101461